00310pab a2200121 454500008004000000100001900040245005000059260000900109300001100118362000900129650003200138773001800170180718b1985 xxu||||| |||| 00| 0 eng d aAbelson, Peter aHouse and land prices in Sydneyb1925 to 1970 c1985 a521-34 aDec. aHousing - Costs - Australia aUrban Studies